From classic to romantic: Premises of taste in 18th-century England (Record no. 141166)

MARC details
000 -LEADER
fixed length control field 00404nam a2200145Ia 4500
008 - FIXED-LENGTH DATA ELEMENTS--GENERAL INFORMATION
fixed length control field 230917s9999||||xx |||||||||||||| ||und||
040 ## - CATALOGING SOURCE
-- 42432
Original cataloging agency VIVEKANANDA LIBRARY
041 ## - Language
-- English
082 ## - DDC NUMBER
Classification number 820.9 B316F
100 ## - MAIN ENTRY--PERSONAL NAME
Personal name Bate, Walter Jackson
245 #0 - TITLE STATEMENT
Title From classic to romantic: Premises of taste in 18th-century England
260 ## - PUBLICATION, DISTRIBUTION, ETC. (IMPRINT)
Place of publication, distribution, etc New York
Name of publisher, distributor, etc Harper & Row
Date of publication, distribution, etc 1961
300 ## - PHYSICAL DESCRIPTION
Pages viii, 197 p.
942 ## - ADDED ENTRY ELEMENTS (KOHA)
Koha item type Books
Holdings
Withdrawn status Lost status Damaged status Not for loan Location (home branch) Sublocation or collection (holding branch) Date acquired Koha issues (times borrowed) Koha full call number Accession No. Koha date last seen Koha item type
        VIVEKANANDA LIBRARY VIVEKANANDA LIBRARY 13/11/2002   820.9 B316F 2463 17/09/2023 Books
        VIVEKANANDA LIBRARY VIVEKANANDA LIBRARY 13/11/2002   820.9 B316F 4421 17/09/2023 Books
© Designed and Maintained by Vivekananda Library, MDU Rohtak